01677nam a22002177a 450000500170000000800410001702000180005804000070007604100120008308200160009510000230011124500820013426000250021630000260024136500300026752009730029765000330127094200120130399900190131595201250133420250925092723.0250925b |||||||| |||| 00| 0 eng d a9780349117362 cAL aEnglish a294.3bLAMU aDalai Lama9240352 aUniverse in a single atomb: how science and spirituality can serve our world aLondonbAbacusc2005 a229 p.bPBc20x12.5cm b₹499.00c₹d₹499.00 aIn this rare personal investigation, His Holiness the Dalai Lama discusses his vision of science and faith working hand in hand to alleviate human suffering. Drawing on a lifetime of scientific study and religious practice, he explores the great debates and makes astonishing connections between seemingly disparate topics - such as evolution and karma - that will change the way we look at the world. While he sees science and faith as 'complementary but different investigative approaches with the same goal of seeking the truth,' the fact is that the two have often been at the root of human conflict for centuries. The Dalai Lama challenges us to see that the benefits of opening our hearts and minds to the connections between science and faith are far preferable to perpetuating the divisive rhetoric that often surrounds them. Now, as we face such troubled and uncertain times, the need has never been greater for this extraordinary man's compassion and wisdom. aBuddhism and science9240353 2ddccBK c240500d240500 00102ddc40708OTHaALbALcSKd2025-09-15g499.00l0o294.3 LAMUpD06347r2025-09-25 09:29:13v499.00w2025-09-25yDB